Jala Brat and Buba Corelli Albums - Statistics

General Stats
  • This quiz has been taken 40 times
    12 since last reset
  • The average score is 64 of 167
Answer Stats
Hint Answer % Correct
Roze Suze Babylon
100%
Alfa & Omega 2.0 Roze
100%
Roze Suze Roze Suze
100%
Roze Suze Tec-9
100%
Goat Season (Final Chapter) Bass
88%
Roze Suze Bimmer
88%
Goat Season (Final Chapter) Blaka Blaka
88%
Roze Suze Blokada
88%
Goat Season (Final Chapter) Blur
88%
Goat Season (Final Chapter) Kingston
88%
Roze Suze Military
88%
Roze Suze Numb
88%
Roze Suze Toronto
88%
Roze Suze U Njoj
88%
Goat Season (Final Chapter) Vrati je Tati
88%
Roze Suze 6 Ujutro
75%
99 99
75%
Goat Season (Part Two) Bez Koda
75%
Kruna Comfort
75%
Goodfellas Goodfellas
75%
Goat Season (Part Two) Hollywood
75%
Goat Season (Part Two) Japan
75%
Kruna Klinka
75%
Goat Season (Final Chapter) Makarov
75%
Alfa & Omega Mlada i luda
75%
Goat Season (Part One) Monster
75%
Kruna Ne volim
75%
Goat Season (Part One) Puklo Nebo
75%
Goat Season (Part One) Punta Cana
75%
Kruna Restart
75%
Goat Season (Part One) Rosalia
75%
Kruna Sporije
75%
Goodfellas 10 do 2
63%
Alfa & Omega Balenciaga
63%
Alfa & Omega Bebi
63%
Alfa & Omega Benga po snijegu
63%
Futura Bijele flase
63%
Pakt s Djavolom Boing
63%
Stari Radio Casino
63%
Kruna Dokaz
63%
Stari Radio Fetis
63%
Futura Futura
63%
Alfa & Omega Kamikaza
63%
Alfa & Omega 2.0 Karamela
63%
Goat Season (Final Chapter) Kehlani
63%
SA Sin City Kim Kardashian
63%
Kruna La Martina
63%
Alfa & Omega Mafia
63%
Goodfellas Marakesh
63%
Alfa & Omega Mila
63%
Goat Season (Part Two) Munja
63%
Stari Radio Nju bi da ljubim
63%
Futura Noc
63%
Alfa & Omega Ona'e
63%
Futura Pilula
63%
Pakt s Djavolom Plesi
63%
Goat Season (Final Chapter) Sexdrive
63%
Pakt s Djavolom Trinidad i Tobago
63%
99 Zove Vienna
63%
Pakt s Djavolom 22
50%
Goat Season (Part Two) Aritmije
50%
Kruna Baksis
50%
Goat Season (Part Two) Cataleya
50%
Goodfellas Dale
50%
Futura Film
50%
Stari Radio Gianni
50%
Najpozeljniji Nezenja Gluh i nijem
50%
Najpozeljniji Nezenja Irina Shayk
50%
Alfa & Omega 2.0 LaMelo
50%
Futura LMTD
50%
Futura Moskva
50%
Alfa & Omega Nema Bolje
50%
Futura OMG
50%
Alfa & Omega Opasno
50%
Goodfellas Padam
50%
99 Patek
50%
Goat Season (Part One) Randevu
50%
Alfa & Omega 2.0 S.O.S
50%
Stari Radio Stari Radio
50%
Alfa & Omega Ultimatum
50%
Alfa & Omega Usta na usta
50%
Futura Adrenalina
38%
Goodfellas Aisha
38%
Futura Andale
38%
Stari Radio Andjeo
38%
Alfa & Omega 2.0 Coco
38%
Najpozeljniji Nezenja Divljam
38%
Lice Ulice Dom
38%
Futura Dostojevski
38%
Futura Dugme
38%
99 Gasira
38%
Goodfellas Hakimi
38%
Pakt s Djavolom Kao ja
38%
Futura Maria
38%
99 O.D.D.D.
38%
Alfa & Omega O kako ne bi
38%
Goodfellas Savastano
38%
Alfa & Omega 2.0 Warsaw
38%
Alfa & Omega Bad
25%
Pakt s Djavolom Bez tebe
25%
Alfa & Omega 2.0 Criminal
25%
Grande finale Geto
25%
Pakt s Djavolom Geto majke
25%
Pakt s Djavolom Hladnokrvna ubica
25%
Goodfellas La Muria
25%
Pakt s Djavolom Led
25%
99 Monika
25%
Futura Partijam
25%
Pakt s Djavolom Advokat
13%
Pakt s Djavolom Borba
13%
Goodfellas Desole
13%
Replay Dizite upaljace
13%
SA Sin City Gabriela Sabatini
13%
Futura MBM
13%
Pakt s Djavolom Molotovljev koktel
13%
Replay Replay
13%
71 320 Sam
13%
Stari Radio Skandal
13%
Nesanica (Bluntbylon) 3C 2B
0%
Replay 71 000
0%
Goodfellas Bad Bitch
0%
71 320 B.B. stil
0%
Rijec na Rijec Bolje jutro
0%
Grande finale Chillam, Kidam, Rolam, Snimam
0%
Pakt s Djavolom Da mi je
0%
Nesanica (Bluntbylon) Euri i bijelo
0%
Rijec na Rijec Geto ili metropola
0%
Nesanica (Bluntbylon) Gledam ulice
0%
Goodfellas Go Go
0%
Nesanica (Bluntbylon) Haris Export
0%
Rijec na Rijec Hrsuz
0%
Nesanica (Bluntbylon) InTrouble
0%
Mahala Jedino
0%
SA Sin City Kalashnikov
0%
71 320 Kao da sanjam
0%
Replay Kroz noc
0%
Nesanica (Bluntbylon) Kurva sudbina
0%
Lice Ulice Lice Ulice
0%
Grande finale Limvo da shimtro shke
0%
Nesanica (Bluntbylon) Milion i Bangkok
0%
Rijec na Rijec Moje ulice
0%
Replay Necu stat
0%
Rijec na Rijec Ne kontaju rep
0%
Nesanica (Bluntbylon) Nema predaje
0%
Rijec na Rijec Ne odustajem
0%
Replay Ne pitaj
0%
71 320 Okrug 21
0%
SA Sin City Plijen
0%
Rijec na Rijec Podigni sake
0%
Grande finale Prljavi jug
0%
Rijec na Rijec Rijec na Rijec
0%
Nesanica (Bluntbylon) Rio de Janeiro
0%
Rijec na Rijec Samo cujem
0%
Grande finale Sarajevo
0%
Grande finale SA, VG, KC, BB
0%
71 320 Sharklo
0%
Rijec na Rijec Srce na beat
0%
Rijec na Rijec Svaki dan
0%
Mahala Tesko je biti fin
0%
Grande finale Tony. M
0%
Grande finale U gradu gdje zivim ja
0%
SA Sin City Ulice nas vole
0%
Rijec na Rijec Uporno i nazor
0%
Lice Ulice Uzecu vam sve
0%
Grande finale Vi to zelite
0%
Nesanica (Bluntbylon) Za pare rade
0%
Goodfellas Zvijer
0%
No matching quizzes found
Score Distribution
Percent of People with Each Score
Percentile by Number Answered
Your Score History
You have not taken this quiz since the last reset